Informe de labores : 1983-1984 [de la Secretaría de Educación Pública]/

Se informa en esta publicación de las actividades realizadas de septiembre de 1983 a agosto de 1984. Está dividido en dos partes: en la primera se describen objetivos y lineamientos de la revolución educativa; la segunda, aborda el presupuesto autorizado al sector educativo en el período 1983-1984 y...

Celý popis

Uloženo v:
Podrobná bibliografie
Korporativní autor: México. Secretario de Educación Pública. 1982-1985 (Reyes Heroles)
Další autoři: Reyes Heroles, Jesús (autor) (autor)
Médium: Kniha
Jazyk:španělština
Vydáno: México : Secretaría de Educación Pública, 1984
Témata:
Tagy: Přidat tag
Žádné tagy, Buďte první, kdo vytvoří štítek k tomuto záznamu!

MARC

LEADER 00000nam^a2200000^a^4500
001 000022666
005 20250521000000.0
009 20260310084505.786
020 |a 968-29-0355-6 
037 |a Acervo ITESO - Biblioteca 
041 |a ESP 
082 |a 379. 972  |b MEX SEP 1984 
110 |a México.  |b Secretario de Educación Pública. 1982-1985 (Reyes Heroles) 
240 1 1 |a [Informe de labores de la Secretaría de Educación Pública] 
245 1 0 |a Informe de labores :  |b 1983-1984 [de la Secretaría de Educación Pública]/  |c J. Reyes Heroles. 
264 1 |a México :  |b Secretaría de Educación Pública,  |c 1984 
300 |a 92 p. 
336 |a texto  |b txt  |2 rdacontenido 
337 |a sin mediación  |b n  |2 rdamedio 
338 |a volumen  |b nc  |2 rdasoporte 
520 |a Se informa en esta publicación de las actividades realizadas de septiembre de 1983 a agosto de 1984. Está dividido en dos partes: en la primera se describen objetivos y lineamientos de la revolución educativa; la segunda, aborda el presupuesto autorizado al sector educativo en el período 1983-1984 y las principales acciones y resultados de los 17 programas mediante los cuales se ejecuta la política educativa de la actual administración. 
649 |a XX 
650 |a Secretaría de Educación Pública -  |z México -  |x Informes -  |x Tema Principal 
650 |a Ministerios de Educación y Cultura -  |z México -  |x Informes 
650 |a Ministerios de Estado -  |z México -  |x Informes 
650 |a Acceso a la Educación -  |z México 
650 |a Calidad de la Educación -  |z México 
650 |a Educación y Desarrollo -  |z México 
650 |a Educación y Sociedad -  |z México 
650 |a Política Cultural -  |z México 
650 |a Política Científica y Tecnológica -  |z México 
650 |a Política Educativa -  |z México 
650 |a Educación -  |z México -  |x Historia -  |y 1982-1988 -  |x Tema Principal 
650 |a Administración Pública -  |z México -  |x Historia -  |y 1982-1988 
650 |a Política -  |z México -  |x Historia -  |y 1982-1988 
700 |a Reyes Heroles, Jesús  |e (autor) 
910 |a Fondo General 
920 |a Impresos - Libros 
930 |a Colección General 
905 |a 101 
901 |a 0226660100  |b IT1  |c ACC  |i 022666  |u 20250521 
902 |a https://opac.biblio.iteso.mx/vufind/Record/000022666